|
|
|
|
| LEADER |
00000nam a2200000 a 4500 |
| 001 |
vtls010314356 |
| 003 |
SK-MaSNL |
| 005 |
20260301032057.0 |
| 008 |
240318s2011 xo l f 000 0 slo |
| 015 |
|
|
|a SNBA2012/02-00886
|
| 020 |
|
|
|q (brož.)
|
| 035 |
|
|
|a 6E5A0BEF-203A-4B52-ABFD-8E9E29106122
|
| 035 |
|
|
|a urn:nbn:sk:snk-amkbbz
|
| 035 |
|
|
|a urn:nbn:sk:snk-am008jau
|
| 040 |
|
|
|a SNK
|b slo
|c SNK
|e AACR2
|
| 041 |
0 |
|
|a slo
|b eng
|
| 043 |
|
|
|a e------
|
| 044 |
|
|
|a xo
|c SK
|
| 072 |
|
7 |
|a 336.7
|x Financie
|2 konspekt
|
| 080 |
|
|
|a 352
|2 2001
|
| 080 |
|
|
|a 658.8 :005.21
|2 2001
|
| 080 |
|
|
|a 658.8:005.52
|2 2001
|
| 080 |
|
|
|a (043.3)
|2 2001
|
| 100 |
1 |
|
|a Vitálišová, Katarína,
|d 1985-
|4 aut
|9 252330
|
| 245 |
1 |
0 |
|a Marketing vzťahov v podmienkach miestnej samosprávy
|b autoreferát dizertačnej práce na získanie titulu "doktor" ("philosophiae doctor", v skratke PhD.") v odbore doktorandského štúdia ; 3.3.23 verejná ekonomika a služby
|c Katarína Petríková
|
| 250 |
|
|
|a 1. vyd.
|
| 260 |
|
|
|a Banská Bystrica
|b Univerzita Mateja Bela
|c 2011
|
| 300 |
|
|
|a 33 s.
|b sch.
|c 21cm
|
| 504 |
|
|
|a Obsahuje bibliografiu
|
| 546 |
|
|
|a Res. angl.
|
| 650 |
0 |
7 |
|a miestna správa
|2 SNKPH
|9 29496
|
| 650 |
0 |
7 |
|a strategický marketing
|2 SNKPH
|9 4278
|
| 650 |
0 |
7 |
|a marketingový výskum
|2 SNKPH
|9 3723
|
| 650 |
0 |
7 |
|a Local government
|2 SNKPHeng
|9 275833
|
| 650 |
0 |
7 |
|a Strategic marketing
|2 SNKPHeng
|9 314754
|
| 650 |
0 |
7 |
|a Marketing research
|2 SNKPHeng
|9 313124
|
| 655 |
|
7 |
|a dizertácie
|2 SNKPH
|9 70277
|
| 655 |
|
7 |
|a Dissertations
|2 SNKPHeng
|9 303036
|
| 852 |
|
|
|a Slovenská národná knižnica
|
| 958 |
|
|
|a NB
|
| 958 |
|
|
|a OND
|
| 968 |
|
|
|d 65
|
| 999 |
|
|
|c 577787
|d 579717
|
| 952 |
|
|
|a SNK
|b SNK
|y PREZ
|7 0
|p 17A0773627
|o snkSC 147249
|i snk2011/23017
|8 0
|0 0
|1 0
|4 0
|d 2011-11-18
|f 1
|l 0
|r 2025-07-16 00:00:00
|w 2026-02-23
|